Australian Animals - Statistics

General Stats
  • This quiz has been taken 272 times
  • The average score is 6 of 8
Answer Stats
Hint Answer % Correct
Is renowned for its boxing Kangaroo
97%
Bird of "non-flight" Emu
93%
Sleeps most of its life Koala
93%
Ate my baby? Dingo
90%
Is it a beaver or a duck? Platypus
89%
Spikey Echidna
72%
Live in burrows Wombat
65%
Can bite 4 times harder than a dog Tasmanian Devil
45%
No matching quizzes found
Score Distribution
Percent of People with Each Score
Percentile by Number Answered
Your Score History
You have not taken this quiz